Estadísticas para Países más visitados del mundo

Haz click aquí para intentar la prueba.

Estadísticas generales

  • Esta prueba ha sido intentada 172 veces
  • La puntuación promedio es 9 de 10

Estadísticas de respuestas

TuristasPaís% Correcto
68,2España
99%
86,1Francia
99%
50,8Italia
94%
56,8China
91%
34,9Alemania
89%
77,9Estados Unidos
87%
33,9Reino Unido
86%
32,1México
85%
31,6Rusia
71%
39,3Turquía
50%

Distribución de puntuación

Porcentaje por número respondido

Porcentaje de gente con cada puntuación

Historial de tus puntuaciones

No has intentado esta prueba.